[Event "18th Charleroi Experts 2019"]
[Site "Charleroi"]
[Date "2019.07.29"]
[Round "3.2"]
[White "Sterck, Arno"]
[Black "Hamblok, Roel"]
[Result "1/2-1/2"]
[WhiteElo "2316"]
[BlackElo "2261"]
[Annotator "NA"]
[PlyCount "40"]
[EventDate "2019.07.22"]
[EventType "tourn"]
[EventCountry "BEL"]
[SourceTitle "playchess.com"]
[Source "ChessBase"]
[SourceQuality "1"]
[TimeControl "40/5400+30:1800+30"]

1. d4 {[%emt 0:00:16]} Nf6 {[%emt 0:00:01]} 2. Nf3 {[%emt 0:01:18]} d5 {[%emt 0:00:27]} 3. c4 {[%emt 0:00:04]} e6 {[%emt 0:00:05]} 4. Nc3 {[%emt 0:00:15]} Bb4 {[%emt 0:00:21]} 5. Bd2 {[%emt 0:00:47]} O-O {[%emt 0:01:31]} 6. e3 {[%emt 0:00:44]} c5 {[%emt 0:09:12]} 7. a3 {[%emt 0:05:21]} Bxc3 {[%emt 0:02:19]} 8. Bxc3 {[%emt 0:00:04]} Ne4 {[%emt 0:00:40]} 9. Rc1 {[%emt 0:00:28]} Nxc3 {[%emt 0:08:10]} 10. Rxc3 {[%emt 0:00:10]} cxd4 {[%emt 0:00:15]} 11. Qxd4 {[%emt 0:08:34]} Nc6 {[%emt 0:00:33]} 12. Qc5 {[%emt 0:01:18]} Ne7 {[%emt 0:08:16]} 13. Qd4 {[%emt 0:20:13]} b6 {[%emt 0:05:30]} 14. Bd3 {[%emt 0:00:59]} Bb7 {[%emt 0:07:33]} 15. Qg4 {[%emt 0:28:38]} h6 {[%emt 0:06:30]} 16. O-O {[%emt 0:08:09]} dxc4 {[%emt 0:08:10]} 17. Bxc4 {[%emt 0:01:24]} Nd5 {[%emt 0:05:22]} 18. Rd3 {[%emt 0:00:28]} Qf6 {[%emt 0:01:09]} 19. Qd4 {[%emt 0:05:16]} Rac8 {[%emt 0:04:31]} 20. Rfd1 {[%emt 0:02:53]} Qxd4 {[%emt 0:03:20]} 1/2-1/2

[Event "18th Charleroi Experts 2019"]
[Site "Charleroi"]
[Date "2019.07.29"]
[Round "3.3"]
[White "Lenaerts, Lennert"]
[Black "Dgebuadze, Alexandre"]
[Result "0-1"]
[WhiteElo "2355"]
[BlackElo "2495"]
[Annotator "ChessBase"]
[PlyCount "48"]
[EventDate "2019.07.22"]
[EventType "tourn"]
[EventCountry "BEL"]
[SourceTitle "playchess.com"]
[Source "ChessBase"]
[SourceQuality "1"]
[TimeControl "40/5400+30:1800+30"]

1. d4 {[%emt 0:00:00]} e6 {[%emt 0:00:05]} 2. c4 {[%emt 0:00:00]} Bb4+ {[%emt 0:00:05]} 3. Bd2 {[%emt 0:00:00]} a5 {[%emt 0:00:23]} 4. g3 {[%emt 0:00:33]} Nc6 {[%emt 0:01:15]} 5. Nf3 {[%emt 0:00:11]} d6 {[%emt 0:01:12]} 6. a3 {[%emt 0:00:15]} Bxd2+ {[%emt 0:00:06]} 7. Qxd2 {[%emt 0:00:03]} Nf6 {[%emt 0:12:21]} 8. Nc3 {[%emt 0:00:17]} O-O {[%emt 0:12:35]} 9. Bg2 {[%emt 0:00:26]} e5 {[%emt 0:00:59]} 10. dxe5 {[%emt 0:00:07]} dxe5 {[%emt 0:00:35]} 11. Rd1 {[%emt 0:00:13]} Qxd2+ {[%emt 0:13:16]} 12. Rxd2 {[%emt 0:04:49]} Be6 {[%emt 0:00:41]} 13. Nd5 {[%emt 0:13:55]} Rad8 {[%emt 0:01:16]} 14. Nxc7 {[%emt 0:05:00]} Bxc4 {[%emt 0:00:52]} 15. Rxd8 {[%emt 0:00:08]} Rxd8 {[%emt 0:00:15]} 16. Nd2 {[%emt 0:00:02]} Nd4 {[%emt 0:07:43]} 17. e3 {[%emt 0:02:32]} Nc2+ {[%emt 0:00:35]} 18. Kd1 {[%emt 0:00:02]} Bd3 {[%emt 0:11:35]} 19. Bf1 {[%emt 0:00:44]} Bg6 {[%emt 0:10:04]} 20. Ke2 {[%emt 0:00:42]} Ng4 {[%emt 0:01:43]} 21. Bg2 {[%emt 0:09:09]} Bd3+ {[%emt 0:05:31]} 22. Kf3 {[%emt 0:00:23]} h5 {[%emt 0:05:14]} 23. h3 {[%emt 0:02:05]} Nh2+ {[%emt 0:02:17]} 24. Rxh2 {[%emt 0:00:09]} Ne1# 0-1

[Event "18th Charleroi Experts 2019"]
[Site "Charleroi"]
[Date "2019.07.29"]
[Round "3.4"]
[White "Hovhannisyan, Mher"]
[Black "Ringoir, Tanguy"]
[Result "0-1"]
[WhiteElo "2444"]
[BlackElo "2503"]
[Annotator "ChessBase"]
[PlyCount "102"]
[EventDate "2019.07.22"]
[EventType "tourn"]
[EventCountry "BEL"]
[SourceTitle "playchess.com"]
[Source "ChessBase"]
[SourceQuality "1"]
[TimeControl "40/5400+30:1800+30"]

1. Nf3 {[%emt 0:00:00]} Nf6 {[%emt 0:00:07]} 2. g3 {[%emt 0:01:40]} d5 {[%emt 0:00:23]} 3. Bg2 {[%emt 0:01:47]} e6 {[%emt 0:00:19]} 4. d4 {[%emt 0:01:46]} Be7 {[%emt 0:00:16]} 5. O-O {[%emt 0:03:04]} O-O {[%emt 0:00:06]} 6. c4 {[%emt 0:00:20]} dxc4 {[%emt 0:00:05]} 7. Ne5 {[%emt 0:00:52]} Nc6 {[%emt 0:01:05]} 8. Nxc6 {[%emt 0:02:38]} bxc6 {[%emt 0:00:05]} 9. Na3 {[%emt 0:01:47]} Bxa3 {[%emt 0:01:11]} 10. bxa3 {[%emt 0:01:21]} Ba6 {[%emt 0:02:34]} 11. Qd2 {[%emt 0:09:12]} Rb8 {[%emt 0:13:26]} 12. Rd1 {[%emt 0:05:35]} Nd5 {[%emt 0:19:46]} 13. Qa5 {[%emt 0:18:54]} Qc8 {[%emt 0:10:15]} 14. a4 {[%emt 0:18:34]} c3 {[%emt 0:00:47]} 15. Ba3 {[%emt 0:15:45]} Bxe2 {[%emt 0:00:28]} 16. Re1 {[%emt 0:00:56]} Qa6 {[%emt 0:06:31]} 17. Qxa6 {[%emt 0:00:44]} Bxa6 {[%emt 0:02:43]} 18. Bxf8 {[%emt 0:00:05]} Kxf8 {[%emt 0:00:04]} 19. Bxd5 {[%emt 0:02:44]} cxd5 {[%emt 0:00:38]} 20. Rec1 {[%emt 0:04:37]} Ke7 {[%emt 0:16:02]} 21. Rxc3 {[%emt 0:00:09]} Bc4 {[%emt 0:00:05]} 22. a3 {[%emt 0:01:47]} Kd6 {[%emt 0:00:31]} 23. Rac1 {[%emt 0:00:15]} e5 {[%emt 0:01:51]} 24. dxe5+ Kxe5 {[%emt 0:00:02]} 25. Rxc4 {[%emt 0:03:53]} dxc4 {[%emt 0:00:04]} 26. Rxc4 {[%emt 0:00:01]} Rb7 {[%emt 0:00:07]} 27. Rc1 {[%emt 0:00:23]} Kd6 {[%emt 0:01:04]} 28. Rd1+ {[%emt 0:00:49]} Kc6 {[%emt 0:00:24]} 29. Rc1+ {[%emt 0:00:16]} Kd7 {[%emt 0:06:53]} 30. Kg2 {[%emt 0:03:52]} c6 {[%emt 0:00:34]} 31. Rd1+ {[%emt 0:01:03]} Ke6 {[%emt 0:00:39]} 32. Re1+ {[%emt 0:00:18]} Kd5 {[%emt 0:00:01]} 33. Rd1+ {[%emt 0:00:16]} Ke4 {[%emt 0:00:01]} 34. f3+ {[%emt 0:01:04]} Ke3 {[%emt 0:00:06]} 35. Rc1 {[%emt 0:01:03]} Rc7 {[%emt 0:00:10]} 36. Rc5 {[%emt 0:00:00]} Kd4 {[%emt 0:00:02]} 37. Rc1 {[%emt 0:00:22]} c5 {[%emt 0:00:15]} 38. Kf2 {[%emt 0:00:06]} c4 {[%emt 0:01:58]} 39. Rd1+ {[%emt 0:00:59]} Kc3 {[%emt 0:00:06]} 40. Rd8 {[%emt 0:00:12]} Kb2 {[%emt 0:01:28]} 41. Rb8+ {[%emt 0:30:16]} Kxa3 {[%emt 0:31:47]} 42. Ke2 {[%emt 0:00:10]} Rd7 {[%emt 0:00:02]} 43. a5 {[%emt 0:01:14]} c3 {[%emt 0:00:04]} 44. a6 {[%emt 0:00:20]} c2 {[%emt 0:00:05]} 45. Rc8 {[%emt 0:00:03]} Kb2 {[%emt 0:00:56]} 46. Rb8+ {[%emt 0:00:04]} Kc1 {[%emt 0:00:03]} 47. Rb7 {[%emt 0:00:24]} Rd2+ {[%emt 0:00:14]} 48. Ke1 {[%emt 0:00:47]} Rd6 {[%emt 0:06:29]} 49. Rxa7 {[%emt 0:00:24]} Kb2 {[%emt 0:00:21]} 50. Rb7+ {[%emt 0:00:12]} Ka3 {[%emt 0:00:05]} 51. Rc7 {[%emt 0:01:23]} Rd1+ {[%emt 0:12:12]} 0-1

[Event "18th Charleroi Experts 2019"]
[Site "Charleroi"]
[Date "2019.07.29"]
[Round "3.5"]
[White "Real, Thibault"]
[Black "Van der Stricht, Geert"]
[Result "0-1"]
[WhiteElo "2262"]
[BlackElo "2374"]
[Annotator "ChessBase"]
[PlyCount "108"]
[EventDate "2019.07.22"]
[EventType "tourn"]
[EventCountry "BEL"]
[SourceTitle "playchess.com"]
[Source "ChessBase"]
[SourceQuality "1"]
[TimeControl "40/5400+30:1800+30"]

1. d4 {[%emt 0:04:33]} Nf6 {[%emt 0:00:00]} 2. Bf4 {[%emt 0:00:06]} d5 {[%emt 0:00:18]} 3. e3 {[%emt 0:00:05]} Bg4 {[%emt 0:00:14]} 4. f3 {[%emt 0:00:45]} Bd7 {[%emt 0:00:25]} 5. Bd3 {[%emt 0:15:50]} c5 {[%emt 0:02:20]} 6. c3 {[%emt 0:00:47]} e6 {[%emt 0:03:10]} 7. Ne2 {[%emt 0:11:43]} Nc6 {[%emt 0:04:40]} 8. Bg3 {[%emt 0:10:41]} Qb6 {[%emt 0:04:30]} 9. b3 {[%emt 0:04:14]} Be7 {[%emt 0:03:15]} 10. O-O {[%emt 0:00:55]} O-O {[%emt 0:00:47]} 11. Kh1 {[%emt 0:05:11]} g6 {[%emt 0:04:18]} 12. a3 {[%emt 0:09:42]} a5 {[%emt 0:23:55]} 13. a4 {[%emt 0:00:28]} Nh5 {[%emt 0:01:09]} 14. Bf2 {[%emt 0:00:45]} e5 {[%emt 0:01:29]} 15. Bb5 {[%emt 0:01:29]} exd4 {[%emt 0:15:59]} 16. exd4 {[%emt 0:01:43]} cxd4 {[%emt 0:03:51]} 17. Nxd4 {[%emt 0:02:41]} Bc5 {[%emt 0:01:40]} 18. Na3 {[%emt 0:01:39]} Nxd4 {[%emt 0:06:37]} 19. Bxd4 {[%emt 0:18:25]} Bxd4 {[%emt 0:01:02]} 20. cxd4 {[%emt 0:00:46]} Be6 {[%emt 0:01:23]} 21. Qd2 {[%emt 0:00:36]} Ng7 {[%emt 0:00:51]} 22. Rfc1 {[%emt 0:02:58]} Rfc8 {[%emt 0:02:57]} 23. Bf1 {[%emt 0:03:01]} Rxc1 {[%emt 0:04:10]} 24. Qxc1 {[%emt 0:00:22]} Qxd4 {[%emt 0:01:46]} 25. Nb5 {[%emt 0:00:15]} Qe5 {[%emt 0:05:38]} 26. Ra2 {[%emt 0:01:59]} Rc8 {[%emt 0:01:24]} 27. Qd1 {[%emt 0:00:04]} Nf5 {[%emt 0:00:34]} 28. Re2 {[%emt 0:00:17]} Qf4 {[%emt 0:01:13]} 29. g3 {[%emt 0:01:15]} Qxf3+ {[%emt 0:03:04]} 30. Bg2 {[%emt 0:00:05]} Rc1 {[%emt 0:00:32]} 31. Bxf3 {[%emt 0:00:43]} Rxd1+ {[%emt 0:00:05]} 32. Kg2 {[%emt 0:00:06]} Rb1 {[%emt 0:01:01]} 33. Rd2 {[%emt 0:01:49]} Rxb3 {[%emt 0:00:23]} 34. Nc7 {[%emt 0:00:13]} Rb4 {[%emt 0:01:09]} 35. Nxd5 {[%emt 0:00:29]} Bxd5 {[%emt 0:00:34]} 36. Bxd5 {[%emt 0:00:05]} Ne3+ {[%emt 0:00:25]} 37. Kf3 {[%emt 0:00:35]} Nxd5 {[%emt 0:00:23]} 38. Rxd5 {[%emt 0:00:05]} b6 {[%emt 0:00:30]} 39. Rd6 {[%emt 0:00:10]} h5 {[%emt 0:00:17]} 40. Rc6 {[%emt 0:00:10]} Kg7 {[%emt 0:00:12]} 41. h4 {[%emt 0:30:34]} Kf8 {[%emt 0:31:01]} 42. Kg2 {[%emt 0:01:08]} Ke7 {[%emt 0:00:28]} 43. Kf3 {[%emt 0:00:20]} b5 {[%emt 0:00:58]} 44. axb5 {[%emt 0:00:05]} Rxb5 {[%emt 0:00:05]} 45. Ra6 {[%emt 0:00:05]} Rf5+ {[%emt 0:00:09]} 46. Kg2 {[%emt 0:01:06]} Kd7 {[%emt 0:00:06]} 47. Ra8 {[%emt 0:00:00]} Kc7 {[%emt 0:00:00]} 48. Re8 {[%emt 0:00:00]} Kb7 {[%emt 0:00:00]} 49. Rd8 {[%emt 0:00:00]} a4 {[%emt 0:00:00]} 50. Rd7+ {[%emt 0:00:00]} Kb6 {[%emt 0:00:00]} 51. Rd6+ {[%emt 0:00:00]} Kb5 {[%emt 0:00:00]} 52. Rd8 {[%emt 0:00:00]} a3 {[%emt 0:00:00]} 53. Ra8 {[%emt 0:00:00]} Kb4 {[%emt 0:00:00]} 54. Ra7 {[%emt 0:00:00]} Ra5 {[%emt 0:00:00]} 0-1

[Event "18th Charleroi Experts 2019"]
[Site "Charleroi"]
[Date "2019.07.29"]
[Round "4.1"]
[White "Cools, Gorik"]
[Black "Van der Stricht, Geert"]
[Result "0-1"]
[WhiteElo "2280"]
[BlackElo "2374"]
[Annotator "TA"]
[PlyCount "100"]
[EventDate "2019.07.22"]
[EventType "tourn"]
[EventCountry "BEL"]
[SourceTitle "playchess.com"]
[Source "ChessBase"]
[SourceQuality "1"]

{[%evp 20,100,-6,0,25,25,77,75,68,74,77,75,72,67,115,78,116,116,106,75,46,31,44,34,33,31,39,29,25,30,53,48,84,79,130,112,147,145,156,128,128,89,94,54,54,55,48,49,56,57,62,62,62,63,64,49,347,-8,-8,-8,4,7,10,-101,-108,-110,-116,-219,-220,-249,-231,-217,-206,-180,-235,-758,-742,-1065,-812,-881,-851,-6605,-5760]} 1. e4 c5 2. Nf3 d6 3. d4 cxd4 4. Nxd4 Nf6 5. Nc3 a6 6. f4 e5 7. Nf3 Nbd7 8. a4 Be7 9. Bc4 O-O 10. O-O Qc7 11. Qe2 Nb6 {B93: Sicilian Najdorf: 6 f4} 12. Bb3 Bg4 $146 (12... Be6 $11 {remains equal.}) ({Predecessor:} 12... Be6 13. Bxe6 fxe6 14. Ng5 Qc8 15. a5 Nc4 16. f5 exf5 17. exf5 Qc6 18. Ne6 Rf7 19. Ng5 Rff8 20. Ne6 Rf7 21. Ng5 Rff8 22. Ne6 Rf7 {½-½ (22) Mahia,G (2371)-Mareco,S (2580) Villa Martelli 2013}) 13. a5 $16 Nbd7 {White is better.} 14. f5 d5 15. Nxd5 Nxd5 16. Bxd5 Bb4 17. h3 Bxf3 18. Rxf3 Nf6 19. Bb3 Bxa5 20. g4 Bb6+ 21. Kh2 Qc6 22. Ra4 Bd4 23. c3 b5 24. Ra1 Bc5 25. Bc2 Rfd8 26. Rg3 g6 (26... Ne8 $142) 27. Bg5 Rd7 28. Rf1 Be7 29. h4 Rad8 {White should prevent ...Nh5!} 30. Kh3 Kh8 31. Rgf3 h5 32. Bxf6+ $1 Qxf6 33. g5 Qb6 34. Rd1 Rxd1 35. Bxd1 Qd6 36. Bb3 f6 37. fxg6 {Hoping for Bd5.} fxg5 $2 {[%mdl 8192] [#]} (37... Qd7+ $1 $14 38. Rf5 Qd3+ 39. Qxd3 Rxd3+ 40. Kh2 Kg7) 38. g7+ $2 (38. Rf7 $1 $18 {[%csl Gg6][%cal Rf7h7]} Qxg6 39. Rxe7 g4+ 40. Kg3) 38... Kxg7 $11 39. Rf7+ {[%mdl 64] Discovered Attack} Kg6 $132 {[%mdl 2048] Strongly threatening ...g4+. Black is not keeping still} 40. Qf2 {White wants to mate with Qf5+.} Qd3+ 41. Kh2 (41. Kg2 $1 $11 {was the only way to keep the balance.} Qxe4+ {[%mdl 64] Double Attack} 42. Kf1 gxh4 43. Rxe7 Qh1+ 44. Ke2 Qe4+ 45. Qe3 (45. Kf1 Qh1+ 46. Qg1+ Qxg1+ 47. Kxg1 Rd2 $11) 45... Qg2+ 46. Ke1 Qh1+ 47. Ke2 Qh2+ 48. Ke1 Qh1+ 49. Ke2 Qh2+ 50. Kf3 Qh3+ 51. Ke2 Qg2+ 52. Ke1 Qh1+) 41... Qd2 $17 {...g4 is the strong threat.} 42. hxg5 Bxg5 {White must now prevent ...Bf4+.} 43. Kg2 (43. Kh1 $17 {keeps fighting.} Qc1+ 44. Qf1) 43... Bh4 $19 44. Qxd2 Rxd2+ 45. Kh3 Rxb2 46. Kxh4 {[#] And now Bd5 would win.} Rxb3 {KR-KR} 47. Rf5 $2 (47. Rb7) 47... Rxc3 {Black is clearly winning.} 48. Rxe5 Rc6 49. Rg5+ Kf7 50. Kxh5 b4 {Accuracy: White = 41%, Black = 52%.} 0-1

[Event "18th Charleroi Experts 2019"]
[Site "Charleroi"]
[Date "2019.07.29"]
[Round "4.2"]
[White "Ringoir, Tanguy"]
[Black "Real, Thibault"]
[Result "1/2-1/2"]
[WhiteElo "2503"]
[BlackElo "2262"]
[Annotator "TA"]
[PlyCount "47"]
[EventDate "2019.07.22"]
[EventType "tourn"]
[EventCountry "BEL"]
[SourceTitle "playchess.com"]
[Source "ChessBase"]
[SourceQuality "1"]

{[%evp 13,47,27,21,8,16,12,9,3,9,0,10,0,0,0,0,-14,0,-12,-23,-22,-18,-29,-35,-27,-43,-36,-27,-50,-40,-38,-37,-45,23,26,212,132]} 1. d4 Nf6 2. c4 e6 3. g3 d5 4. Nf3 dxc4 5. Bg2 Nc6 6. Qa4 Bb4+ 7. Bd2 Nd5 8. Qb5 {E04: Open Catalan: 5 Nf3} (8. Bxb4 Ndxb4 9. O-O Rb8 10. Na3 O-O 11. Qb5 b6 12. Qxc4 Ba6 13. Nb5 Qe8 14. Rfc1 Nd5 15. Qxc6 Qxc6 16. Rxc6 Bxb5 17. Rc2 Rfc8 {½-½ (33) So,W (2780)-Caruana,F (2822) Saint Louis 2018}) 8... Bxd2+ 9. Nbxd2 c3 10. bxc3 {The position is equal.} Nxc3 11. Qd3 Nd5 12. O-O O-O 13. Rfc1 Rb8 {[#]} 14. Nf1 $146 ({Predecessor:} 14. Rab1 Bd7 15. Ne4 Nce7 {0-1 (39) Svane,R (2573)-Bluebaum,M (2632) Minsk 2017}) 14... Qe7 15. e4 Nb6 16. Rab1 Rd8 17. Qc3 Bd7 18. Ne3 {Threatening d5.} Be8 19. Rd1 Na4 20. Qe1 b6 21. d5 Na5 22. e5 c5 (22... Nc5 $15) 23. d6 $11 Qd7 $2 {[#]} (23... Qf8 $11) 24. Ng4 {Accuracy: White = 71%, Black = 54%.} 1/2-1/2

[Event "18th Charleroi Experts 2019"]
[Site "Charleroi"]
[Date "2019.07.29"]
[Round "4.3"]
[White "Dgebuadze, Alexandre"]
[Black "Hovhannisyan, Mher"]
[Result "1/2-1/2"]
[WhiteElo "2495"]
[BlackElo "2444"]
[Annotator "TA"]
[PlyCount "46"]
[EventDate "2019.07.22"]
[EventType "tourn"]
[EventCountry "BEL"]
[SourceTitle "playchess.com"]
[Source "ChessBase"]
[SourceQuality "1"]

{[%evp 11,46,27,21,12,6,13,33,14,25,5,26,19,18,11,14,11,8,8,12,6,10,0,0,0,7,0,0,5,14,6,21,12,18,12,14,0,22]} 1. e4 e6 2. d4 d5 3. exd5 exd5 4. Nf3 Nf6 5. Bd3 Be7 6. O-O O-O 7. Nbd2 {[%cal Bb1d2,Bd2f1,Bf1g3][%mdl 32] C01: French: Exchange Variation} (7. Re1 Bg4 8. Bg5 Nbd7 9. Nbd2 Re8 10. c3 c6 11. Qc2 h6 12. Bf4 Nh5 13. Be5 Bg5 14. h3 Bxf3 15. Nxf3 Bf4 16. Bh7+ Kh8 17. Bxf4 Nxf4 18. Bf5 Qc7 19. Bxd7 Qxd7 {1-0 (53) Anand,V (2794)-Hou,Y (2670) Douglas 2017}) 7... Bg4 8. c3 c6 9. Re1 {White is slightly better.} Nbd7 10. Nf1 Re8 11. h3 Bh5 {The position is equal.} 12. Ng3 Bg6 13. Bxg6 hxg6 14. Bf4 Nf8 $146 ({Predecessor:} 14... Qb6 15. Qb3 Qa6 16. Re3 Bf8 17. Rae1 {0-1 (58) Eber,F (2003)-Wichmann,C (2320) Nuremberg 2011}) 15. Qc2 Bd6 16. Rxe8 (16. Bxd6 {feels hotter.} Qxd6 17. Ne5 Qc7 18. Rad1 Rac8 19. Qd2) 16... Nxe8 17. Bxd6 Qxd6 18. Re1 Nf6 19. Qb3 b6 20. Qd1 Ne6 21. Nf1 c5 22. Ne3 Nf4 23. Nf1 Ne6 {Accuracy: White = 34%, Black = 57%.} 1/2-1/2

[Event "18th Charleroi Experts 2019"]
[Site "Charleroi"]
[Date "2019.07.29"]
[Round "4.4"]
[White "Hamblok, Roel"]
[Black "Lenaerts, Lennert"]
[Result "1/2-1/2"]
[WhiteElo "2261"]
[BlackElo "2355"]
[Annotator "NA"]
[PlyCount "41"]
[EventDate "2019.07.22"]
[EventType "tourn"]
[EventCountry "BEL"]
[SourceTitle "playchess.com"]
[Source "ChessBase"]
[SourceQuality "1"]
[TimeControl "40/5400+30:1800+30"]

1. Nf3 {[%emt 0:00:00]} d5 {[%emt 0:05:30]} 2. e3 {[%emt 0:00:23]} Nf6 {[%emt 0:00:50]} 3. c4 {[%emt 0:00:07]} e6 {[%emt 0:02:11]} 4. d4 {[%emt 0:02:02]} Be7 {[%emt 0:03:26]} 5. Nc3 {[%emt 0:10:58]} O-O {[%emt 0:00:17]} 6. b3 {[%emt 0:03:36]} b6 {[%emt 0:03:59]} 7. Bb2 {[%emt 0:01:57]} Bb7 {[%emt 0:00:09]} 8. cxd5 {[%emt 0:04:31]} exd5 {[%emt 0:00:35]} 9. Bd3 {[%emt 0:04:00]} Nbd7 {[%emt 0:13:23]} 10. O-O {[%emt 0:01:07]} a6 {[%emt 0:01:36]} 11. Rc1 {[%emt 0:12:15]} Bd6 {[%emt 0:00:13]} 12. Ne2 {[%emt 0:01:11]} Ne4 {[%emt 0:05:45]} 13. Qc2 {[%emt 0:08:40]} Rc8 {[%emt 0:07:06]} 14. Ng3 {[%emt 0:10:16]} f5 {[%emt 0:04:08]} 15. Qe2 {[%emt 0:07:13]} Ra8 {[%emt 0:02:50]} 16. Ne5 {[%emt 0:02:51]} Qe7 {[%emt 0:01:54]} 17. f4 {[%emt 0:04:29]} Qe6 {[%emt 0:12:17]} 18. Qh5 {[%emt 0:07:10]} g6 {[%emt 0:11:33]} 19. Qh3 {[%emt 0:02:00]} Ndf6 {[%emt 0:02:18]} 20. Nxe4 {[%emt 0:03:16]} Nxe4 {[%emt 0:03:03]} 21. Kh1 {[%emt 0:12:28]} 1/2-1/2

[Event "18th Charleroi Experts 2019"]
[Site "Charleroi"]
[Date "2019.07.29"]
[Round "4.5"]
[White "Dardha, Daniel"]
[Black "Sterck, Arno"]
[Result "1/2-1/2"]
[WhiteElo "2420"]
[BlackElo "2316"]
[Annotator "TA"]
[PlyCount "64"]
[EventDate "2019.07.22"]
[EventType "tourn"]
[EventCountry "BEL"]
[SourceTitle "playchess.com"]
[Source "ChessBase"]
[SourceQuality "1"]

{[%evp 9,64,0,0,-11,0,-109,-20,-20,-20,-18,-20,-34,-45,-82,0,-37,-27,-28,-16,-35,-37,-41,-30,-50,-5,-16,0,-50,-43,-53,-43,-51,-16,-25,-35,-43,-28,-36,-40,-41,-36,-62,-29,-28,-29,-40,-47,-91,-9,-14,4,13,22,-12,0,0,33]} 1. Nf3 d5 2. c4 d4 3. b4 f6 4. e3 e5 5. c5 a5 6. Qa4+ {A09: Réti Opening: 1 Nf3 d5 2 c4} Bd7 7. Qc2 $146 (7. b5 $1 $11 {remains equal.}) ({Predecessor:} 7. b5 Bxc5 8. Bc4 Ne7 9. exd4 exd4 10. Ba3 Bxa3 11. Nxa3 Bg4 12. Nxd4 Nd7 {½-½ (38) Caruana,F (2823)-Topalov,V (2760) Saint Louis 2016}) 7... Bc6 (7... Nc6 $17 8. Bc4 axb4) 8. b5 $11 Bxf3 $1 9. gxf3 Qd5 10. Bd3 Qxc5 11. Bb2 dxe3 ({Black should try} 11... Nd7 $17) 12. fxe3 (12. dxe3 {is interesting.} Qxc2 13. Bxc2 Nd7 14. Nc3 O-O-O 15. O-O-O) 12... Qxc2 13. Bxc2 Nd7 14. Nc3 Nb6 15. Rc1 O-O-O 16. Bb3 Bb4 17. a3 Bxc3 18. Rxc3 a4 19. Ba2 Ne7 20. Ke2 Ned5 21. Rc5 Rd7 22. Bb1 {White wants to play Bf5.} Kb8 23. Rd1 Re8 24. h4 g6 25. Kf2 Red8 26. d4 exd4 27. Rxd4 f5 28. Rc1 {[#]} Re8 ({Better is} 28... f4 $1 $17 {[%mdl 512]} 29. exf4 {[#]} Nxf4 $1 {[%mdl 512]}) 29. Rd3 {The position is equal.} Red8 30. Be5 Re8 31. Bb2 Red8 32. Be5 Re8 {Accuracy: White = 42%, Black = 43%.} 1/2-1/2

[Event "18th Charleroi Experts 2019"]
[Site "Charleroi"]
[Date "2019.07.30"]
[Round "5.1"]
[White "Sterck, Arno"]
[Black "Cools, Gorik"]
[Result "1-0"]
[WhiteElo "2316"]
[BlackElo "2280"]
[Annotator "NA"]
[PlyCount "63"]
[EventDate "2019.07.22"]
[EventType "tourn"]
[EventCountry "BEL"]
[SourceTitle "playchess.com"]
[Source "ChessBase"]
[SourceQuality "1"]
[TimeControl "40/5400+30:1800+30"]

1. e4 {[%emt 0:02:41]} e5 {[%emt 0:00:00]} 2. Nf3 {[%emt 0:00:05]} Nc6 {[%emt 0:00:00]} 3. Bc4 {[%emt 0:00:04]} Nf6 {[%emt 0:00:09]} 4. d3 {[%emt 0:00:04]} Be7 {[%emt 0:00:13]} 5. O-O {[%emt 0:00:04]} O-O {[%emt 0:00:14]} 6. Re1 {[%emt 0:00:02]} d6 {[%emt 0:00:12]} 7. a4 {[%emt 0:00:03]} Rb8 {[%emt 0:02:56]} 8. c3 {[%emt 0:01:23]} Bg4 {[%emt 0:19:14]} 9. Nbd2 {[%emt 0:01:34]} d5 {[%emt 0:09:17]} 10. exd5 {[%emt 0:00:24]} Nxd5 {[%emt 0:00:09]} 11. h3 {[%emt 0:02:52]} Bh5 {[%emt 0:00:07]} 12. Ne4 {[%emt 0:01:59]} Kh8 {[%emt 0:04:24]} 13. Ng3 {[%emt 0:02:27]} Bg6 {[%emt 0:00:09]} 14. a5 {[%emt 0:11:39]} Qd6 {[%emt 0:39:30]} 15. Ne4 {[%emt 0:09:16]} Qd7 {[%emt 0:00:09]} 16. Bb5 {[%emt 0:00:10]} Bd6 {[%emt 0:13:20]} 17. d4 {[%emt 0:20:47]} Bxe4 {[%emt 0:00:56]} 18. Rxe4 {[%emt 0:01:51]} Nf6 {[%emt 0:00:02]} 19. Nxe5 {[%emt 0:01:55]} Qf5 {[%emt 0:03:36]} 20. Rf4 {[%emt 0:01:53]} Qe6 {[%emt 0:00:50]} 21. Bc4 {[%emt 0:02:44]} Qe8 {[%emt 0:01:02]} 22. Nxc6 {[%emt 0:07:11]} Qxc6 {[%emt 0:00:01]} 23. d5 {[%emt 0:00:07]} Qd7 {[%emt 0:00:01]} 24. Rf3 {[%emt 0:00:05]} Rfe8 {[%emt 0:00:23]} 25. Be3 {[%emt 0:01:40]} a6 {[%emt 0:02:11]} 26. Bb3 {[%emt 0:03:14]} h6 {[%emt 0:00:38]} 27. Bxh6 {[%emt 0:01:01]} gxh6 {[%emt 0:00:31]} 28. Rxf6 {[%emt 0:00:07]} Kg7 {[%emt 0:00:02]} 29. Rf3 {[%emt 0:03:13]} Re5 {[%emt 0:00:24]} 30. Qd4 {[%emt 0:03:27]} Rbe8 {[%emt 0:00:41]} 31. Ba4 {[%emt 0:01:54]} f6 {[%emt 0:00:45]} 32. Rg3+ {[%emt 0:00:12]} 1-0